Komunikácia vnorených systémov prostredníctvom Bluetooth Low Energy

Gespeichert in:
Bibliographische Detailangaben
1. Verfasser: Marso, Karol (Verfasst von)
Weitere Verfasser: Macko, Dominik (Betreuung Doktorarbeit)
Format: Manuskript Buch
Sprache:Slowakisch
Englisch
Veröffentlicht: 2017
Schlagworte:
Online-Zugang:http://is.stuba.sk/zp/portal_zp.pl?podrobnosti=131633
Tags: Tag hinzufügen
Keine Tags, Fügen Sie das erste Tag hinzu!

MARC

LEADER 00000ntm a22000003a 4500
001 stuzp64554
003 SK-STU
005 20170624213544.2
007 ta
008 150427s2015----xo-----f-mn---000-0-slo-d
040 |a STU  |b slo 
041 0 |a eng 
100 1 |a Marso, Karol  |u 070400  |4 aut  |U FIIT Fakulta informatiky a informačných technológií  |T FIIT Ústav počítačového inžinierstva a aplikovanej informatiky  |X 74085  |U I400  |Y 672  |7 74085 
242 0 1 |a Komunikácia vnorených systémov prostredníctvom Bluetooth Low Energy  |y slo 
245 1 0 |a Komunikácia vnorených systémov prostredníctvom Bluetooth Low Energy 
260 |c 2017 
650 4 |a Komunikácia vnorených systémov  |2 slo 
650 4 |a Arduino  |2 slo 
650 4 |a Android  |2 slo 
650 4 |a Bluetooth Low Energy  |2 slo 
650 4 |a Raspberry Pi 3  |2 slo 
650 4 |a Detekcia voľných parkovacích miest  |2 slo 
650 4 |a Karol Marso  |2 slo 
650 4 |a Komunikácia prostredníctvom Bluetooth Low Energy  |2 slo 
650 4 |a Bluetooth Low Energy  |2 eng 
650 4 |a Arduino  |2 eng 
650 4 |a Raspberry Pi 3  |2 eng 
650 4 |a Parking space detection  |2 eng 
650 4 |a Karol Marso  |2 eng 
650 4 |a Embedded-systems communication  |2 eng 
650 4 |a Embedded-systems communication using Bluetooth Low Energy  |2 eng 
650 4 |a Parking system  |2 eng 
650 4 |a Communication using Bluetooth Low Energy  |2 eng 
650 4 |a Sensor networks  |2 eng 
700 1 |a Macko, Dominik  |u 070400  |k Z1  |4 ths  |U FIIT Fakulta informatiky a informačných technológií  |T FIIT Ústav počítačového inžinierstva a aplikovanej informatiky  |X 35524  |U I400  |Y 672  |7 35524 
856 4 |u http://is.stuba.sk/zp/portal_zp.pl?podrobnosti=131633 
996 |b 11257  |c I* BAP38/17  |l II680  |s P  |a 0  |w stuzp64554_0001